01016 a2200205 4500003000500000005001700005010001300022040000900035082001500044100002900059245004500088260003800133300007100171505036800242600002900610650001600639942001200655999001900667952012400686Nust20230529124507.0 a23005855 cNust a808.83,GRA aGrahame, Kenneth,956532 aThe wind in the willowscKenneth Grahame aLondon,bMethuen & co., ltdc1929 a4 p.l., 302 pb1 l., col. frontcilluseplates. (part col.)f20 cm aThe rivers Bank (Page-1), The Open Road (Page-24), The Wild Wood (Page-46), Mr. Badger (Page-69), Dulice Domum (Page-93), Mr. Toad (Page-120) The Piper at the Gates of Dawn (Page-144), Toads Adventures (Page-163), Wayfarers All (Page-187), The Further Adventures of Toad (Page-217), Like Summer Temests Came his Tears (Page-247), The Return of Ulysses (Page-278). aGrahame, Kenneth,956532 aNovel92525 2ddccBK c186891d186891 00102ddc4070aMCSbMCScGENd2016-12-12o808.83,GRApMCS29816r2016-12-08w2016-12-12yBKzAlmirah No.56, Shelf No.6